000 00910nam a2200217 a 4500
999 _c2468
_d2468
001 2468
003 BD-JhCC
005 20171105103357.0
008 171102s1986 II ||||| |||| 00| 0 ben d
035 _a(BD-JhCC)
040 _aBD-JhCC
_dBD-JhCC
041 _aben
082 _a891.443
_bBON 1986
100 _aবন্দ্যোপাধ্যায়, রাখালদাস
245 _aশশাঙ্ক /
_cরাখালদাস বন্দ্যোপাধ্যায়; ড. প্রভাতকুমার ভট্টাচার্য (সম্পা.)
260 _aকলিকাতা :
_bঘোষ দস্তিদার পাবলিশিং কনসার্স ;
_c১৯৮৬
300 _a৩০৬ পৃ. ;
_c২২ সেমি
650 _aBengali novel
700 _aভট্টাচার্য, ড. প্রভাতকুমার
942 _2ddc
_cBK